Penetrating wisdom : (Record no. 5071)
[ view plain ]
| 000 -LEADER | |
|---|---|
| fixed length control field | 00490cam a2200157 4500 |
| 001 - CONTROL NUMBER | |
| control field | 6000 |
| 005 - DATE AND TIME OF LATEST TRANSACTION | |
| control field | 20181127180715.0 |
| 010 ## - LIBRARY OF CONGRESS CONTROL NUMBER | |
| LC control number | 2006017466 |
| 020 ## - INTERNATIONAL STANDARD BOOK NUMBER | |
| International Standard Book Number | 9781590304167 |
| 100 0# - MAIN ENTRY--PERSONAL NAME | |
| Personal name | Dzogchen Ponlop, |
| Titles and words associated with a name | Rinpoche, |
| Dates associated with a name | 1965- |
| 245 10 - TITLE STATEMENT | |
| Title | Penetrating wisdom : |
| Remainder of title | the aspiration of Samantabhadra / |
| Statement of responsibility, etc. | the Dzogchen Ponlop Rinpoche. |
| 260 ## - PUBLICATION, DISTRIBUTION, ETC. | |
| Place of publication, distribution, etc. | Boston: |
| Name of publisher, distributor, etc. | Snow Lion Publications, |
| Date of publication, distribution, etc. | c2006, 2014. |
| 300 ## - PHYSICAL DESCRIPTION | |
| Extent | viii, 174 p. ; |
| Dimensions | 24 cm. |
| 650 #0 - SUBJECT ADDED ENTRY--TOPICAL TERM | |
| Topical term or geographic name entry element | Rdzogs-chen. |
| Topical term or geographic name entry element | Samantabhadra (Buddhist deity) |
| Withdrawn status | Lost status | Source of classification or shelving scheme | Damaged status | Not for loan | Collection code | Home library | Current library | Shelving location | Serial Enumeration / chronology | Inventory number | Total Checkouts | Full call number | Barcode | Date last seen | Date last checked out | Price effective from | Koha item type |
|---|---|---|---|---|---|---|---|---|---|---|---|---|---|---|---|---|---|
| Dewey Decimal Classification | Main TEST | RTC Library | RTC Library | Main opac | 9506 | 1 | 245.2 PON | 30008202 | 03/11/2020 | 19/10/2020 | 27/11/2018 | Main |